<?xml version="1.0" encoding="UTF-8"?><?xml-stylesheet type="text/xsl" href="static/style.xsl"?><OAI-PMH xmlns="http://www.openarchives.org/OAI/2.0/" xmlns:xsi="http://www.w3.org/2001/XMLSchema-instance" xsi:schemaLocation="http://www.openarchives.org/OAI/2.0/ http://www.openarchives.org/OAI/2.0/OAI-PMH.xsd"><responseDate>2026-04-18T07:26:38Z</responseDate><request verb="GetRecord" identifier="oai:www.recercat.cat:2072/319001" metadataPrefix="marc">https://recercat.cat/oai/request</request><GetRecord><record><header><identifier>oai:recercat.cat:2072/319001</identifier><datestamp>2024-12-13T10:22:18Z</datestamp><setSpec>com_2072_96853</setSpec><setSpec>com_2072_96852</setSpec><setSpec>com_2072_2015</setSpec><setSpec>col_2072_96854</setSpec></header><metadata><record xmlns="http://www.loc.gov/MARC21/slim" xmlns:dcterms="http://purl.org/dc/terms/" xmlns:xsi="http://www.w3.org/2001/XMLSchema-instance" xmlns:doc="http://www.lyncode.com/xoai" xsi:schemaLocation="http://www.loc.gov/MARC21/slim http://www.loc.gov/standards/marcxml/schema/MARC21slim.xsd">
   <leader>00925njm 22002777a 4500</leader>
   <datafield ind2=" " ind1=" " tag="042">
      <subfield code="a">dc</subfield>
   </datafield>
   <datafield ind2=" " ind1=" " tag="720">
      <subfield code="a">Martínez Busom, Jordi</subfield>
      <subfield code="e">author</subfield>
   </datafield>
   <datafield ind2=" " ind1=" " tag="520">
      <subfield code="a">En aquest article s'argumenta la necessitat de millorar la cooperació entre els serveis socials i les dependències policials. La raó sorgeix de l'experiència professional i com estudiant del Grau d'Educació Social del seu autor. I de la detecció de certes problemàtiques que, de ben probable, podrien ser evitades i millorades amb la presència d'un educador/a social.</subfield>
   </datafield>
   <datafield ind2=" " ind1=" " tag="520">
      <subfield code="a">En este artículo se argumenta la necesidad de mejorar la cooperación entre los servicios sociales y las dependencias policiales. La razón surge de la experiencia profesional y como estudiante del Grado de Educación Social de su autor. Y de la detección de ciertas problemáticas que, a buen probable, podrían ser evitadas y mejoradas con la presencia de un educador/a social.</subfield>
   </datafield>
   <datafield ind2=" " ind1=" " tag="520">
      <subfield code="a">This article argues the need to improve cooperation between social services and police agencies. The reason arises from the professional experience and as a student of the Degree of Social Education of its author. And the detection of certain problems that, probably, could be avoided and improved with the presence of a social educator.</subfield>
   </datafield>
   <datafield ind1="8" ind2=" " tag="024">
      <subfield code="a">http://hdl.handle.net/10609/74365</subfield>
   </datafield>
   <datafield tag="653" ind2=" " ind1=" ">
      <subfield code="a">policia de la Generalitat</subfield>
   </datafield>
   <datafield tag="653" ind2=" " ind1=" ">
      <subfield code="a">Mossos d'Esquadra</subfield>
   </datafield>
   <datafield tag="653" ind2=" " ind1=" ">
      <subfield code="a">educadors socials</subfield>
   </datafield>
   <datafield tag="653" ind2=" " ind1=" ">
      <subfield code="a">treball multidisciplinari</subfield>
   </datafield>
   <datafield tag="653" ind2=" " ind1=" ">
      <subfield code="a">policía de la Generalitat</subfield>
   </datafield>
   <datafield tag="653" ind2=" " ind1=" ">
      <subfield code="a">Mossos d'Esquadra</subfield>
   </datafield>
   <datafield tag="653" ind2=" " ind1=" ">
      <subfield code="a">educadores sociales</subfield>
   </datafield>
   <datafield tag="653" ind2=" " ind1=" ">
      <subfield code="a">trabajo multidisciplinar</subfield>
   </datafield>
   <datafield tag="653" ind2=" " ind1=" ">
      <subfield code="a">Mossos d'Esquadra</subfield>
   </datafield>
   <datafield tag="653" ind2=" " ind1=" ">
      <subfield code="a">social educators</subfield>
   </datafield>
   <datafield tag="653" ind2=" " ind1=" ">
      <subfield code="a">multidisciplinary work</subfield>
   </datafield>
   <datafield tag="653" ind2=" " ind1=" ">
      <subfield code="a">police of "la Generalitat"</subfield>
   </datafield>
   <datafield tag="653" ind2=" " ind1=" ">
      <subfield code="a">Police</subfield>
   </datafield>
   <datafield tag="653" ind2=" " ind1=" ">
      <subfield code="a">Policia</subfield>
   </datafield>
   <datafield tag="653" ind2=" " ind1=" ">
      <subfield code="a">Policía</subfield>
   </datafield>
   <datafield ind2="0" ind1="0" tag="245">
      <subfield code="a">Educadors socials a les comissaries dels Mossos d'Esquadra? Una primera aproximació</subfield>
   </datafield>
</record></metadata></record></GetRecord></OAI-PMH>